| 000 | 00455pam a2200169 i 4500 | ||
|---|---|---|---|
| 020 | _a0201089947 | ||
| 040 | _cDLC | ||
| 082 | 0 | 0 | _a519 ADD 1979 A025 Or. |
| 100 | 1 | _aZuwaylif, Fadil H., | |
| 245 | 1 | 0 | _aGeneral applied statistics / |
| 250 | _a3d ed. | ||
| 260 |
_aReading, Mass. : _bAddison-Wesley Pub. Co., _cc1979. |
||
| 300 |
_axii, 384, [54] p. : _bill. ; _c25 cm. |
||
| 500 | _aIncludes index. | ||
| 650 | 0 | _aMathematical statistics. | |
| 942 | _cEK | ||
| 999 |
_c13507 _d13507 |
||